हौसलों की उड़ान: उद्यमियों पर कहानियां / (Record no. 206280)
[ view plain ]
| 000 -LEADER | |
|---|---|
| fixed length control field | 00874nam a22001937a 4500 |
| 005 - DATE AND TIME OF LATEST TRANSACTION | |
| control field | 20241010163619.0 |
| 010 ## - LCCN (DPL NO) | |
| LC control number | HIN-128566 |
| 020 ## - INTERNATIONAL STANDARD BOOK NUMBER | |
| International Standard Book Number | 9789356845404 |
| Terms of availability | 250.00 |
| 035 ## - SYSTEM CONTROL NUMBER | |
| System control number | HN-100912 |
| 037 ## - SOURCE OF ACQUISITION | |
| Source of stock number/acquisition | DBAD |
| 082 ## - DEWEY DECIMAL CLASSIFICATION NUMBER | |
| Classification number | क |
| 100 ## - MAIN ENTRY--PERSONAL NAME | |
| Personal name | थापर, नमिता |
| 245 ## - TITLE STATEMENT | |
| Title | हौसलों की उड़ान: उद्यमियों पर कहानियां / |
| Statement of responsibility, etc | नमिता थापर |
| 246 ## - VARYING FORM OF TITLE | |
| Title proper/short title | The Dolphin and the Shark: Stories on Entrepreneurship |
| 260 ## - PUBLICATION, DISTRIBUTION, ETC. (IMPRINT) | |
| Place of publication, distribution, etc | नई दिल्ली |
| Name of publisher, distributor, etc | डायमंड पॉकेट बुक्स |
| Date of publication, distribution, etc | 2023 |
| 270 ## - ADDRESS | |
| Address | X-30, ओखला इंडस्ट्रियल एरिया, फेज-2 |
| City | नई दिल्ली |
| Postal code | 110020 |
| Telephone number | 011-40712200 |
| Electronic mail address | sales@dpb.in |
| 300 ## - PHYSICAL DESCRIPTION | |
| Extent | 190 पृ. |
| Dimensions | 22 सेमी (अजिल्द) |
| 942 ## - ADDED ENTRY ELEMENTS (KOHA) | |
| Item type | Hindi Books |
| Source of classification or shelving scheme | Dewey Decimal Classification |
| Classification part | क |
| Call number suffix | थापर |
| Withdrawn status | Lost status | Not for loan | Collection code | Home library | Current library | Date acquired | Source of acquisition | Cost, normal purchase price | Full call number | Barcode | Copy number | Cost, replacement price | Koha item type |
|---|---|---|---|---|---|---|---|---|---|---|---|---|---|
| Fiction | Kadipur | Kadipur | 10/10/2024 | DBAD | 250.00 | क थापर | HN-100912 | 1 | 250.00 | Hindi Books |
